|
|
|
|
| LEADER |
01025nam a2200349 4500 |
| 001 |
DLU090096330 |
| 005 |
##20091201 |
| 040 |
# |
# |
|a DLU
|b eng
|
| 041 |
# |
# |
|a eng
|
| 044 |
# |
# |
|a us
|
| 100 |
# |
# |
|a O'Connor, K. E.
|
| 245 |
# |
# |
|a Indigo formation by microorganisms expressing styrene monooxygenase activity /
|c K. E. O'Connor, A. D. Dobson, S. Hartmans.
|
| 653 |
# |
# |
|a Bacteria
|
| 653 |
# |
# |
|a Biotransformation
|
| 653 |
# |
# |
|a Dyes
|
| 653 |
# |
# |
|a Enzyme
|
| 653 |
# |
# |
|a Intramolecular oxidoreductases
|
| 653 |
# |
# |
|a Mutation
|
| 653 |
# |
# |
|a Pseudomonas putida
|
| 653 |
# |
# |
|a Styrene
|
| 700 |
# |
# |
|a Dobson, A. D.
|
| 700 |
# |
# |
|a Hartmans, S.
|
| 773 |
# |
# |
|t Applied and Environmental Microbiology
|g Vol. 63, no. 11 (November 1997), p. 4287-4291
|
| 920 |
# |
# |
|a Phòng Tạp chí -- Trung tâm Thông tin - Thư viện Trường Đại học Đà Lạt
|
| 994 |
# |
# |
|a DLU
|
| 900 |
# |
# |
|a True
|
| 911 |
# |
# |
|a Trương Bảo Trâm Anh
|
| 925 |
# |
# |
|a G
|
| 926 |
# |
# |
|a A
|
| 927 |
# |
# |
|a BB
|
| 980 |
# |
# |
|a Thư viện Trường Đại học Đà Lạt
|